| 000 | 00667cam a22002413a 4500 | ||
|---|---|---|---|
| 001 | 19408 | ||
| 003 | PGUSA | ||
| 005 | 20140828083418.0 | ||
| 008 | 060929s2006||||xxu|||||s|||||000 | eng d | ||
| 040 |
_aPGUSA _beng |
||
| 042 | _adc | ||
| 050 | 4 | _aSB | |
| 100 | 1 |
_aCable, George Washington, _d1844-1925 |
|
| 245 | 1 | 4 |
_aThe Amateur Garden _h[electronic resource] / _cGeorge Washington Cable |
| 260 |
_bProject Gutenberg, _c2006 |
||
| 506 | _aPublic domain in the USA. | ||
| 516 | _aElectronic text | ||
| 653 | _aLandscape gardening | ||
| 653 | _aGardens | ||
| 830 | 0 |
_aProject Gutenberg _v19408 |
|
| 856 | 4 | 0 | _uhttp://www.gutenberg.org/ebooks/19408 |
| 942 | _cEB | ||
| 999 |
_c248663 _d248663 |
||